| 000 | 01940nam a2200313 a 4500 | ||
|---|---|---|---|
| 001 | 000013884 | ||
| 005 | 20240409073638.0 | ||
| 008 | 091201s2001 dr a 000 0 spa d | ||
| 020 | _z999347752 | ||
| 040 |
_aDO-SdBNP _bspa _cBNPHU |
||
| 082 |
_a322.1 _bR457r |
||
| 100 | 1 |
_aReyes II, Sergio, _d1956- _931453 |
|
| 245 | 1 | 3 |
_aLa rebelión de las sotanas : _bel clero católico frente al trujillato / _cSergio Reyes II. |
| 260 |
_aSanto Domingo : _bLa Frontera: _bUniversitaria, _c2001. |
||
| 300 |
_a140 p. : _bil., retrs. ; _c21 cm. |
||
| 490 | 1 |
_aUniversidad Autónoma de Santo Domingo ; _v1040 |
|
| 490 | 1 |
_aHistoria y sociedad ; _v98 |
|
| 500 | _aIncluye datos biográficos del autor en la solapa de la cubierta. | ||
| 500 | _aIncluye referencias bibliográficas y notas al pie de páginas. | ||
| 504 | _aBibliografía : p. 137-140. | ||
| 505 | 0 |
_gPrólogo -- _tAnsias de libertad -- _tContubernio iglesia-dictadura -- _tUn paréntesis necesario -- _tAcorralados!! -- _tEl clero entra en escena -- _tTruenan los altares -- _tReacciones del régimen -- _tEn el filo de la navaja -- _tCancerberos al ataque -- _tEn la mira del tirano -- _tEl principio del fin -- _gEpílogo -- _gAnexos : _tI.- Relación de religiosos involucrados en el conflicto entre la iglesia católica y la dictadura de Trujillo -- _tII.- Texto de la carta pastoral del Episcopado Dominicano, de fecha 25 (31) de enero de 1960 -- _tIII.- Ataque al sacerdote Marcial Silva en el "Foro Público" -- _tIV.- Texto del "Concurso Repudio al Obispo traidor" -- _gBibliografía. |
|
| 590 | _aInventariado, 2018/BT | ||
| 610 | 1 | 4 |
_aIGLESIA CATÓLICA _zREPÚBLICA DOMINICANA _xHISTORIA _ySIGLO XX _931454 |
| 650 | 4 |
_aIglesia y estado _zRepública Dominicana _xSiglo xx _931455 |
|
| 650 | 4 |
_aIglesia católica _xGobierno _931456 |
|
| 830 | 0 |
_aUniversidad Autónoma de Santo Domingo ; _v1040 _917164 |
|
| 830 | 0 |
_aHistoria y sociedad ; _v98 _913749 |
|
| 910 | _aValidado. Control de calidad. EMS | ||
| 999 |
_c13490 _d13490 |
||